000 00548nam a2200181 i 4500
001 75516
003 ES-MaACL
005 20230906172505.0
007 t|
008 040924s1960 sp ||||1| spa d
100 1 _aGranda, Antonio de la.
_959572
245 1 0 _aPolítica del bienestar social /
_cAntonio de la Granda ; prólogo de León Martín Granizo.
260 _aMadrid :
_bSuárez,
_c1960.
300 _a332 p. ;
_c25 cm.
650 0 4 _aSalarios.
_916967
700 1 _aMartín-Granizo, León.
_977517
852 _aES-MaACL
_jC-19035
_bR.46856
999 _c75516
_d75516